00867nam a2200229 i 450000100060000000300090000600500170001500700030003200800410003524501410007625000240021726000570024130000280029850501200032665000350044665000370048170000330051870000210055170000230057270000180059585200240061381634ES-MaACL20250815115026.0t|041105s1947 sp ||||1| spa d00aPatología y terapéutica especiales de los animales domésticos / cpor Franz v. Hutyra ... [et al.] ; traducida por Pedro Tarreras. a8ª ed. ref. y aum. aBarcelona : bLabor, c1947 (fImp. Ibero-Americana) a2 v. : bil. ; c25 cm.8 aContiene: I. Enfermedades infecciosas / por Rudolf Manninger - II. Enfermedades de los órganos / por Josef Marek. 7aPatología veterinaria2embne 7aTerapéutica veterinaria2embne1 aHutyra, Ferenc (d1860-1934)1 aTarreras, Pedro.1 aManninger, Rudolf.1 aMarek, Josef. aES-MaACLjE-2319-20